Introduction to World Legal System / (Record no. 613072)
[ view plain ]
| 000 -LEADER | |
|---|---|
| fixed length control field | 00376nam a22001337a 4500 |
| 082 ## - DEWEY DECIMAL CLASSIFICATION NUMBER | |
| Classification number | 340.03 |
| Author Mark | WAZ |
| 100 ## - MAIN ENTRY--PERSONAL NAME | |
| Personal name | Wazir, Hafiz Burhan Ud Din |
| 245 ## - TITLE STATEMENT | |
| Title | Introduction to World Legal System / |
| Statement of responsibility, etc. | Hafiz Burhan Ud Din Wazir |
| 260 ## - PUBLICATION, DISTRIBUTION, ETC. | |
| Place of publication, distribution, etc. | Lahore : |
| Name of publisher, distributor, etc. | Law & Justice Book House, |
| Date of publication, distribution, etc. | N.A. |
| 300 ## - PHYSICAL DESCRIPTION | |
| Extent | 189 p. |
| 563 ## - BINDING INFORMATION | |
| Binding note | HB. |
| 650 ## - SUBJECT ADDED ENTRY--TOPICAL TERM | |
| Topical term or geographic name entry element | Law, world |
| 942 ## - ADDED ENTRY ELEMENTS (KOHA) | |
| Source of classification or shelving scheme | |
| Koha item type | Book |
| 650 ## - SUBJECT ADDED ENTRY--TOPICAL TERM | |
| -- | 128049 |
| Withdrawn status | Lost status | Source of classification or shelving scheme | Damaged status | Not for loan | Permanent Location | Current Location | Date acquired | Total Checkouts | Full call number | Barcode | Date last seen | Price effective from | Koha item type |
|---|---|---|---|---|---|---|---|---|---|---|---|---|---|
| NUST Law School (NLS) | NUST Law School (NLS) | 03/03/2025 | 340.03 WAZ | NLS-287 | 03/03/2025 | 03/03/2025 | Book | ||||||
| NUST Law School (NLS) | NUST Law School (NLS) | 03/03/2025 | 340.03 WAZ | NLS-288 | 03/03/2025 | 03/03/2025 | Book | ||||||
| NUST Law School (NLS) | NUST Law School (NLS) | 03/03/2025 | 340.03 WAZ | NLS-289 | 03/03/2025 | 03/03/2025 | Book | ||||||
| NUST Law School (NLS) | NUST Law School (NLS) | 03/03/2025 | 340.03 WAZ | NLS-290 | 03/03/2025 | 03/03/2025 | Book | ||||||
| NUST Law School (NLS) | NUST Law School (NLS) | 07/03/2025 | 340.03 WAZ | NLS-3122 | 07/03/2025 | 07/03/2025 | Book | ||||||
| NUST Law School (NLS) | NUST Law School (NLS) | 07/03/2025 | 340.03 WAZ | NLS-3123 | 07/03/2025 | 07/03/2025 | Book |
